000 00962nam a22001337a 4500
040 _cRUA
082 _aLMA HEA 2024 B1-398 Or.1
100 _aHEANG SONGHENG ហៀង សុងហេង
245 _aSTUDY ON LAND USE CHANGE BEFORE AND AFTER LAND REGISTERATION IN YEAYMAO PICHNEL COMMUNE, PHNOM SROUCH DISTRICT, KAMPONG SPEU PROVINCE USING ARCGIS PRO សិក្សាពីបម្រែបម្រួលការប្រើប្រាស់ដីធ្លី មុនពេល​ និងក្រោយពេលចុះបញ្ជីនៅក្នុងឃុំយាយម៉ៅពេជ្រនិល ស្រុកភ្នំស្រួច ខេត្តកំពង់ស្ពឺ ដោយប្រើប្រាស់កម្មវិធី ArcGIS Pro
260 _aRUA
_bPHNOM PENH
_c2024
300 _aviii
_bill
_c29cm
856 _uhttps://drive.google.com/file/d/1PNqmKjm69BVezKn1HrVOcE35vsRcbIIE/view?usp=sharing
942 _cLMA
999 _c24920
_d24920